| 000 | 00750nam a22002537a 4500 | ||
|---|---|---|---|
| 003 | 0 | ||
| 005 | 20180705153723.0 | ||
| 008 | 0 | ||
| 010 | _aB-192506 | ||
| 020 |
_c00.00 _a0070603499 |
||
| 035 | _aB-192506, B-192507 | ||
| 037 | _bCen Lib/Ret | ||
| 040 |
_aDPL _bEN _c0 |
||
| 082 |
_a621.3822 _bROR |
||
| 100 |
_aRorabaugh, C. Britton _932602 |
||
| 245 |
_aDSP primer / _cby C. Britton Rorabaugh |
||
| 260 |
_aNew Delhi _bTata McGraw Hill Publishing Company _c1999 |
||
| 270 |
_bNew Delhi _e110008 _a7 west patel nagar |
||
| 300 |
_axvi, 518p. _c21cm(Hb) |
||
| 500 | _aIncludes appendix and index | ||
| 650 |
_aSignal processing _920949 |
||
| 650 |
_aDigital techniques _x _932603 |
||
| 942 |
_2ddc _cEN _h621.3822 _mROR |
||
| 999 |
_c131730 _d131730 |
||